000 00466cam a2200145 4500500
005 20260322014410.0
041 _afre
042 _adc
100 1 0 _aCosta, François
_eauthor
245 0 0 _aElectromagnetic compatibility EMC
260 _c2026.
500 _a4
786 0 _nConversion of electrical energy | - | 2026-03-05 | p. 1-1
856 4 1 _uhttps://stm.cairn.info/electromagnetic-compatibility--bdti42705210-d1300-page-1?lang=en&redirect-ssocas=7080
999 _c1788821
_d1788820